| 000 | 00400nam a2200181Ia 4500 | ||
|---|---|---|---|
| 001 | 9742 | ||
| 005 | 20250626030248.0 | ||
| 008 | 211022s9999 xx 000 0 und d | ||
| 020 | _a0710302118 | ||
| 082 | _a320.95491 NOM | ||
| 100 | _aNoman, Omar | ||
| 245 | 4 | _aThe political economy of Pakistan : 1947-85 | |
| 260 | _aLondon | ||
| 260 | _bKPI | ||
| 260 | _c1988 | ||
| 300 | _a218 | ||
| 942 | _cBK | ||
| 999 |
_c9245 _d9245 |
||